000 00555cam a2200193 4500500
005 20260405001858.0
041 _afre
042 _adc
100 1 0 _aJollien, Alexandre
_eauthor
245 0 0 _aUn chemin de crĂȘte
260 _c2014.
500 _a62
690 _aAlexandre Jollien
690 _acourage
690 _aMorale
690 _aVertu
786 0 _nPhilosophie magazine | 84 | 11 | 2014-11-01 | p. 52-52 | 1951-1787
856 4 1 _uhttps://shs.cairn.info/magazine-philosophie-magazine-2014-11-page-52?lang=fr&redirect-ssocas=7080
999 _c2051943
_d2051943